Estudio de prefactibilidad para el proyecto de un sistema de mini acueducto por bombeo eléctrico MABE, Fuente- tanque-Red para la comarca La Concepción, municipio de Palacagüina, departamento de Madriz
La investigación presenta un estudio de pre-factibilidad para el proyecto de un sistema de mini acueducto por bombeo eléctrico (MABE), realiza el estudio de mercado en la comarca para conocer la demanda de agua potable actual y futura, establece los requerimientos técnicos necesarios de diseño...
| Main Authors: | , |
|---|---|
| Other Authors: | |
| Format: | Tesis Section = Libro |
| Language: | Undetermined Spanish |
| Published: |
Managua
UNI
2020
|
| Subjects: |
| LEADER | 01430nam a2200277Ia 4500 | ||
|---|---|---|---|
| 008 | 240830s9999 xx 000 0 und d | ||
| 040 | |a BIBLIOTECA-RUPAP Mon 628.72 A792 | ||
| 041 | |a spa | ||
| 082 | |a Mon 628.72 A792 | ||
| 100 | 1 | |a Artola Brizuela, Taniuska Valeska | |
| 100 | 1 | |b Gaitán Pineda, Nolan Asaf | |
| 245 | 1 | 0 | |a Estudio de prefactibilidad para el proyecto de un sistema de mini acueducto por bombeo eléctrico MABE, Fuente- tanque-Red para la comarca La Concepción, municipio de Palacagüina, departamento de Madriz |
| 260 | |a Managua |b UNI |c 2020 | ||
| 300 | |a 66 p. :il. | ||
| 500 | |a Contiene: anexos y CD. | ||
| 502 | |a Tesis (Ingeniero Civil)- UNI, 2020. | ||
| 520 | 3 | |a La investigación presenta un estudio de pre-factibilidad para el proyecto de un sistema de mini acueducto por bombeo eléctrico (MABE), realiza el estudio de mercado en la comarca para conocer la demanda de agua potable actual y futura, establece los requerimientos técnicos necesarios de diseño para el sistema de un mini acueducto por bombeo eléctrico, analiza la rentabilidad del proyecto mediante una evaluación socio-económica. | |
| 650 | 7 | |a AGUA POTABLE | |
| 650 | 7 | |b AGUA-ABASTECIMIENTO | |
| 650 | 7 | |c SUMINISTRO DE AGUA POTABLE | |
| 650 | 7 | |d ACUEDUCTOS-DISEÑO Y CONSTRUCCION | |
| 650 | 7 | |e ESTUDIOS DE FACTIBILIDAD | |
| 700 | 1 | |a Tutor: |b Valdivia Cruz, Armando | |
| 942 | |c BK |2 ddc | ||
| 991 | |a TESIS | ||
| 999 | |c 16449 | ||